00660cam a2200205 a 4500008004100000020002200041100002500063245009900088260003000187300003500217440005500252500002000307630003200327650002100359700002300380700002400403003000100427005001700428040000900445  a0256194335 (pbk.)1 aHutchinson, Sarah E.10aWordPerfect 6.1 for Windows /cSarah E. Hutchinson, Glen J. Coulthard [and] Catherine Schuler. aChicago :bIrwin,cc1995. aviii, 197 p. :bill. ;c28 cm. 4aThe Irwin advantage series for computer education. aIncludes index.00aWordPerfect (Computer file) 0aWord processing.1 aCoulthard, Glen J.1 aSchuler, Catherine.20230123134059.0 cNUST